000 00640 a2200181 4500
003 Nust
005 20170207153209.0
040 _cNust
082 _a005.1
100 _aSaeed, Ali (MSCS-11)
245 _aLaxity-aware dynamic check pointing strategy for rtos under multiple transient faults
_cAli Saeed
260 _bMCS,NUST
_c2007
_aRawalpindi
300 _aix,70, p.;
505 _aIntroduction (page-1) Literature review (page-6) Proposed mechanism (page-17) Simulation results (page-29) Results analysis and comparison (page-55) Conclusion (page-61)
538 _aAlmirah No 73 Shelf No 2
650 _aPG Thesis
651 _aMSCS-11
942 _cTHS
999 _c181303
_d181303